书目信息 |
| 题名: |
人人自疗
|
|
| 作者: | 张群鑫 编著 | |
| 分册: | ||
| 出版信息: | 北京 电子工业出版社 2020.8 |
|
| 页数: | 13,252页 | |
| 开本: | 24cm | |
| 丛书名: | ||
| 单 册: | ||
| 中图分类: | G852.11 , R212 | |
| 科图分类: | ||
| 主题词: | 太极拳--养生(中医) | |
| 电子资源: | ||
| ISBN: | 978-7-121-38906-1 | |
| 000 | 00964nam0 2200265 45 | |
| 001 | 012001000985 | |
| 005 | 20130910110456.0 | |
| 010 | @a978-7-121-38906-1@dCNY168.00 | |
| 100 | @a20200928d2020 em y0chiy0110 ea | |
| 101 | 0 | @achi |
| 102 | @aCN@b110000 | |
| 105 | @aa z 000yy | |
| 106 | @ar | |
| 200 | 1 | @a人人自疗@Aren ren zi liao@e萃太极运动疗法@f张群鑫编著 |
| 210 | @a北京@c电子工业出版社@d2020.8 | |
| 215 | @a13,252页@c彩照@d24cm | |
| 300 | @a其他题名:萃太极运动疗法 | |
| 330 | @a本书分为两大部分,第一部分是健康管理和经络导引运动原理,第二部分为萃太极运动疗法的系统介绍。书中包含了大量运动示范图片和部分视频,内容涵盖了视力改善运动疗法、办公室人群颈椎酸痛改善运动疗法以及各种人群在碎片时间运动调理、疗养慢病、预防保健等。 | |
| 517 | 1 | @a萃太极运动疗法 |
| 606 | 0 | @a太极拳@x养生(中医) |
| 690 | @aG852.11@v5 | |
| 690 | @aR212@v5 | |
| 701 | 0 | @a张群鑫@Azhang qun xin@4编著 |
| 801 | @aCN@b江苏凤凰@c20211018 | |
| 905 | @b1341766-8@dG852.11@e523@f3 | |
| 人人自疗:萃太极运动疗法/张群鑫编著.-北京:电子工业出版社,2020.8 |
| 13,252页:彩照;24cm |
| 其他题名:萃太极运动疗法 |
| ISBN 978-7-121-38906-1:CNY168.00 |
| 本书分为两大部分,第一部分是健康管理和经络导引运动原理,第二部分为萃太极运动疗法的系统介绍。书中包含了大量运动示范图片和部分视频,内容涵盖了视力改善运动疗法、办公室人群颈椎酸痛改善运动疗法以及各种人群在碎片时间运动调理、疗养慢病、预防保健等。 |
| ● |
| 相关链接 |
|
|
|
|
正题名:人人自疗
索取号:G852.11/523
 
预约/预借
| 序号 | 登录号 | 条形码 | 馆藏地/架位号 | 状态 | 备注 |
| 1 | 1341766 | 213417667 | 第一样本阅览室/ [索取号:G852.11/523] | 在馆 | |
| 2 | 1341767 | 213417676 | 第四借阅区/ [索取号:G852.11/523] | 在馆 | |
| 3 | 1341768 | 213417685 | 第四借阅区/ [索取号:G852.11/523] | 在馆 |